[Event "San Martino di Castrozza op 3rd"]
[Site "San Martino di Castrozza"]
[Date "2002.07.06"]
[Round "6"]
[White "Guyer, Patrick"]
[Black "Giuriato, Sergio"]
[Result "1/2-1/2"]
[WhiteElo "2122"]
[BlackElo "1788"]
[PlyCount "62"]
[EventDate "2002.07.01"]
[EventType "swiss"]
[EventRounds "7"]
[EventCountry "ITA"]
[SourceTitle "EXT 2007"]
[Source "ChessBase"]
[SourceDate "2006.11.23"]
[SourceVersion "1"]
[SourceVersionDate "2006.11.23"]
[SourceQuality "1"]

1. Nf3 Nf6 2. d3 g6 3. e4 d6 4. g3 Bg7 5. Bg2 0-0 6. 0-0 Nbd7 7. h3 c6 8. a4 e5 9. Nc3 Re8 10. Re1 d5 11. exd5 Nxd5 12. Ne4 Qc7 13. a5 N7f6 14. Be3 Nxe4 15. dxe4 Nf6 16. Bc5 Bf8 17. Be3 Bg7 18. Bd2 Be6 19. Qe2 h6 20. Bc3 Nd7 21. Qe3 b5 22. axb6 axb6 23. b3 Kh7 24. Bf1 Bf8 25. Bb2 Bg7 26. Qc3 Rxa1 27. Rxa1 Kg8 28. Nd2 Rc8 29. f4 Bf6 30. f5 gxf5 31. Qf3 f4 1/2-1/2

[Event "San Martino di Castrozza op 3rd"]
[Site "San Martino di Castrozza"]
[Date "2002.07.03"]
[Round "3"]
[White "Guyer, Patrick"]
[Black "Affinito, Pancrazio"]
[Result "1/2-1/2"]
[WhiteElo "2122"]
[BlackElo "1794"]
[PlyCount "51"]
[EventDate "2002.07.01"]
[EventType "swiss"]
[EventRounds "7"]
[EventCountry "ITA"]
[SourceTitle "EXT 2007"]
[Source "ChessBase"]
[SourceDate "2006.11.23"]
[SourceVersion "1"]
[SourceVersionDate "2006.11.23"]
[SourceQuality "1"]

1. e4 c5 2. Nc3 Nc6 3. g3 g6 4. Bg2 Bg7 5. d3 e6 6. Be3 d6 7. Qd2 Qa5 8. Nge2 Nd4 9. 0-0 Ne7 10. h4 Rb8 11. Qc1 Nec6 12. h5 0-0 13. a3 b5 14. Bh6 Qd8 15. Bxg7 Kxg7 16. b4 Bd7 17. f4 f5 18. bxc5 dxc5 19. Qd2 a5 20. hxg6 hxg6 21. Nxd4 Nxd4 22. Ne2 Nxe2+ 23. Qxe2 Bc6 24. exf5 Qd4+ 25. Qf2 Bxg2 26. f6+ 1/2-1/2

[Event "Sitges op 26th"]
[Site "Sitges"]
[Date "2000.07.24"]
[Round "4"]
[White "Guyer, Patrick"]
[Black "Kaeding, Rainer"]
[Result "0-1"]
[WhiteElo "2111"]
[BlackElo "2255"]
[PlyCount "90"]
[EventDate "2000.07.??"]
[EventType "swiss"]
[EventRounds "7"]
[EventCountry "ESP"]
[SourceTitle "EXT 2001"]
[Source "ChessBase"]
[SourceDate "2000.11.22"]
[SourceVersion "1"]
[SourceVersionDate "2000.11.22"]
[SourceQuality "1"]

1. e4 c5 2. Nc3 e6 3. g3 d5 4. exd5 exd5 5. d3 Nf6 6. Bg2 d4 7. Ne4 Nxe4 8. dxe4 Nc6 9. Ne2 Be7 10. Nf4 0-0 11. 0-0 Re8 12. Nd5 Bf8 13. f4 f5 14. e5 Be6 15. c4 Ne7 16. Qf3 Qd7 17. b3 Rad8 18. Nxe7+ Rxe7 19. Ba3 Rf7 20. Qd3 h6 21. Rae1 Kh8 22. Bc1 a6 23. Rf2 Be7 24. Qf3 b5 25. Bf1 d3 26. Rd2 bxc4 27. bxc4 Qd4+ 28. Re3 Qxc4 29. Qd1 Qb5 30. Rexd3 Rxd3 31. Rxd3 c4 32. Rc3 Bc5+ 33. Kg2 Rd7 34. Qc2 Qc6+ 35. Kh3 g5 36. g4 fxg4+ 37. Kg3 Qh1 38. Qg2 Qxg2+ 39. Kxg2 Bd5+ 40. Kg3 Bb4 41. Rc2 gxf4+ 42. Bxf4 Be1+ 43. Kxg4 Rg7+ 44. Kh5 Bf7+ 45. Kxh6 Rg6+ 0-1

[Event "Zuerich Hilton op"]
[Site "Zuerich"]
[Date "1999.08.19"]
[Round "6"]
[White "Guyer, Patrick"]
[Black "Habibi, Ali"]
[Result "0-1"]
[WhiteElo "2131"]
[BlackElo "2343"]
[PlyCount "66"]
[EventDate "1999.08.13"]
[EventType "swiss"]
[EventRounds "9"]
[EventCountry "SUI"]
[SourceTitle "EXT 2000"]
[Source "ChessBase"]
[SourceDate "1999.11.16"]
[SourceVersion "1"]
[SourceVersionDate "1999.11.16"]
[SourceQuality "1"]

1. e4 c5 2. Nc3 g6 3. g3 Bg7 4. Bg2 Nc6 5. d3 Rb8 6. f4 d6 7. Nf3 Nf6 8. 0-0 0-0 9. Rb1 b5 10. a3 a5 11. a4 b4 12. Nb5 Qb6 13. Qe2 Nd4 14. Nfxd4 cxd4 15. h3 Nd7 16. b3 Ba6 17. e5 dxe5 18. fxe5 Bxb5 19. axb5 e6 20. Bg5 Nxe5 21. Rbe1 Qxb5 22. Be7 Rfc8 23. Bd6 f6 24. Bxb8 Qxb8 25. Ra1 Rc5 26. Qe4 f5 27. Qf4 Qd8 28. Ra4 Rxc2 29. Rfa1 Rc5 30. Kh1 Bf6 31. Qf1 Qc7 32. Qf4 Kg7 33. Qxd4 Nf7 0-1